Κατάλογος Βιβλιοθηκών Mediterranean College

Management Information Systems / Organization and Technology (Record no. 1019)

MARC details
000 -LEADER
fixed length control field 01664cam a22002294a 4500
005 - ΗΜΕΡΟΜΗΝΙΑ ΚΑΙ ΩΡΑ ΤΕΛΕΥΤΑΙΑΣ ΕΝΗΜΕΡΩΣΗΣ
Πεδίο ελέγχου 20250605163955.0
008 - FIXED-LENGTH DATA ELEMENTS--GENERAL INFORMATION
Πεδίο ελέγχου σταθερού μήκους 250528s ||||||||||||||||||||||||d
035 ## - SYSTEM CONTROL NUMBER
System control number 15439
020 ## - ISBN
ISBN 132328852
040 ## - ΠΗΓΗ ΚΑΤΑΛΟΓΟΓΡΑΦΗΣΗΣ
Φορέας πρωτότυπης καταλογογράφησης MC Athens Campus Library
Γλώσσα καταλογογράφησης Ελληνικά, Μοντέρνα (1453-)
Modifying agency MC Athens Campus Library
Κανόνες περιγραφικής καταλογογράφησης AACR2
245 1# - ΤΙΤΛΟΣ ΚΑΙ ΔΗΛΩΣΗ ΥΠΕΥΘΥΝΟΤΗΤΑΣ
Τίτλος Management Information Systems / Organization and Technology
250 ## - EDITION STATEMENT
Edition statement 4th
260 ## - PUBLICATION, DISTRIBUTION, ETC.
Name of publisher, distributor, etc. Prentice Hall International,
Date of publication, distribution, etc. 1996
300 ## - PHYSICAL DESCRIPTION
Extent 848
505 0# - FORMATTED CONTENTS NOTE
Formatted contents note Organizational Foundations of Information Systems, Strategic Information Systems, Information Systems and Organizations, Technical Foundations of Information Systems, Managing Data Resources, The New Information Architecture, Building Information Systems: Contemporary Approaches, Alternative Systems-Building Methods, System Success and Failure: Implementation, Management and Organizational Support Systems, Enhancing Management Decision Making, Managing Contemporarary Information Systems, Ethical and Social Issues in Information Systems.
520 ## - SUMMARY, ETC.
Summary, etc. Organizational Foundations of Information Systems, Strategic Information Systems, Information Systems and Organizations, Technical Foundations of Information Systems, Managing Data Resources, The New Information Architecture, Building Information Systems: Contemporary Approaches, Alternative Systems-Building Methods, System Success and Failure: Implementation, Management and Organizational Support Systems, Enhancing Management Decision Making, Managing Contemporarary Information Systems, Ethical and Social Issues in Information Systems.
700 1# - ΠΡΟΣΘΕΤΗ ΑΝΑΓΡΑΦΗ--ΦΥΣΙΚΟ ΠΡΟΣΩΠΟ
Personal name Laudon Jane Price
9 (RLIN) 1357
700 1# - ΠΡΟΣΘΕΤΗ ΑΝΑΓΡΑΦΗ--ΦΥΣΙΚΟ ΠΡΟΣΩΠΟ
Personal name Laudon Kenneth C
9 (RLIN) 1358
942 ## - ADDED ENTRY ELEMENTS (KOHA)
Koha item type Books
Holdings
Τύπος τεκμηρίου Βιβλιοθήκη Τρέχουσα τοποθεσία Barcode Αριθμός εισαγωγής Ημερομηνία απόκτησης Ταξιθετικό σύμβολο Αριθμός αντιτύπου Κατάσταση απόσυρσης Κατάσταση χαμένου Κατάσταση κατεστραμμένου Μη δανεισμός Σύνολο δανεισμών Ημερομηνία τελευταίας εμφάνισης Η τιμή ισχύει από
Books MC Athens Campus Library MC Athens Campus Library 9780000010186 1780 05/06/2025 658.4/038 LAU 1           05/06/2025 05/06/2025

MC Athens Campus Library
Πατησίων 94 & Κοδριγκτώνος 13, 104 34
Πελλήνης 8 & Πατησίων 107, 112 51
Τ: +30 210 8899600

MC Thessaloniki Campus Library
Ίωνος Δραγούμη 21, 54625 | Ίωνος Δραγούμη 15, 54625
Τ: +30 2310 287779 – Τ: +30 2314 440300